000 00514nam a2200193 a 4500
001 1777364303673
003 YourLibrary
005 20260428135013.0
008 260428s2004##################000#0#eng##
020 _a9780262524346
082 0 4 _a382.9
_bBAG
100 1 _aBagwell, Kyle,
_eauthor.
245 1 0 _aThe Economics of the World Trading System :
260 _bMIT Press,
_c2004.
300 _a244 pages
650 0 _aBusiness & Economics.
942 _cENGLISH
040 _aYourLibrary
_beng
_cYourLibrary
999 _c620255
_d620255